[Event "V Miedzynarodowy Tur. Szachowy im. Jana "]
[Site "Lublin"]
[Date "2013.??.??"]
[Round "1.1"]
[White "Krasowski, Piotr"]
[Black "Stoma, Pawel"]
[Result "0-1"]
[WhiteElo "1830"]
[BlackElo "2311"]
[PlyCount "56"]
[EventDate "2013.??.??"]

1. e4 c6 2. d4 d5 3. e5 Bf5 4. Bd3 Bxd3 5. Qxd3 e6 6. Ne2 c5 7. c3 Nc6 8. O-O
Rc8 9. a3 Nge7 10. Bg5 Qb6 11. b4 cxd4 12. cxd4 Nf5 13. Rc1 Be7 14. Bxe7 Kxe7
15. Rc5 Nxe5 16. dxe5 Rxc5 17. bxc5 Qb2 18. Nec3 Qxa1 19. Qb5 Rd8 20. Qxb7+ Kf8
21. c6 Ne7 22. Qb4 Rc8 23. g3 Rxc6 24. Kg2 g6 25. Kh3 Rb6 26. Qa5 Qb2 27. Qc5
Qc2 28. Qc7 Ng8 0-1

[Event "V Miedzynarodowy Tur. Szachowy im. Jana "]
[Site "Lublin"]
[Date "2013.??.??"]
[Round "1.2"]
[White "Barski, Radoslaw"]
[Black "Flisiak, Piotr"]
[Result "1-0"]
[WhiteElo "2247"]
[BlackElo "1704"]
[PlyCount "47"]
[EventDate "2013.??.??"]

1. e4 e6 2. d4 d5 3. Nd2 Nf6 4. e5 Ne4 5. Nxe4 dxe4 6. Bc4 a6 7. Be3 Nd7 8. Qg4
f5 9. Qg3 Nb6 10. Bb3 Nd5 11. Ne2 Nxe3 12. fxe3 g5 13. h4 Bh6 14. hxg5 Bxg5 15.
Rh5 h6 16. O-O-O c6 17. Rdh1 Rf8 18. Nf4 Bxf4 19. exf4 Qxd4 20. Qg6+ Ke7 21.
Rxh6 Qe3+ 22. Kb1 Qc5 23. Rh7+ Kd8 24. Rd1+ 1-0

[Event "V Miedzynarodowy Tur. Szachowy im. Jana "]
[Site "Lublin"]
[Date "2013.??.??"]
[Round "1.3"]
[White "Fiala, Lukasz"]
[Black "Polkowski, Piotr"]
[Result "0-1"]
[WhiteElo "1603"]
[BlackElo "2182"]
[PlyCount "58"]
[EventDate "2013.??.??"]

1. e4 c6 2. d4 d5 3. Nc3 dxe4 4. Nxe4 Nf6 5. Nxf6+ exf6 6. Nf3 Bd6 7. Be2 O-O
8. O-O Bg4 9. c4 Re8 10. Re1 Nd7 11. b3 Nf8 12. Bb2 Ne6 13. h3 Bh5 14. Nh4 Bxe2
15. Qxe2 Bb4 16. Red1 Nf4 17. Qf3 Qc7 18. a3 Bf8 19. Re1 g6 20. Re4 Rxe4 21.
Qxe4 f5 22. Qe5 Qxe5 23. dxe5 Rd8 24. Nf3 Rd3 25. b4 Nxh3+ 26. Kf1 Nf4 27. Bc1
Rd1+ 28. Ne1 Nd3 29. Ke2 Rxc1 0-1

[Event "V Miedzynarodowy Tur. Szachowy im. Jana "]
[Site "Lublin"]
[Date "2013.??.??"]
[Round "1.4"]
[White "Berlin, Tatiana"]
[Black "Starczewski, Dominik"]
[Result "1-0"]
[WhiteElo "2152"]
[BlackElo "1585"]
[PlyCount "79"]
[EventDate "2013.??.??"]

1. e4 d5 2. exd5 Qxd5 3. Nc3 Qa5 4. d4 Nf6 5. Bd2 c6 6. Nf3 Bg4 7. Be2 e6 8.
O-O Be7 9. h3 Bxf3 10. Bxf3 Qc7 11. Re1 Nbd7 12. Qe2 Nb6 13. Ne4 Rd8 14. c3
Nxe4 15. Bxe4 O-O 16. Qh5 g6 17. Qf3 Rfe8 18. Bf4 Bd6 19. Bg5 Be7 20. Bh6 Bf8
21. Bxf8 Rxf8 22. h4 Nd5 23. h5 Kg7 24. Rad1 Qe7 25. Bxd5 Rxd5 26. Re5 Rfd8 27.
Qf4 g5 28. Qg3 Rxe5 29. Qxe5+ f6 30. Qe3 Rd5 31. c4 Rf5 32. d5 cxd5 33. cxd5
Re5 34. d6 Qd7 35. Qc3 Kf7 36. Qc7 Ke8 37. Qb8+ Kf7 38. Qh8 g4 39. Qxh7+ Ke8
40. Qg8# 1-0

[Event "V Miedzynarodowy Tur. Szachowy im. Jana "]
[Site "Lublin"]
[Date "2013.??.??"]
[Round "1.5"]
[White "Modrzejewski, Tymoteusz"]
[Black "Praszak, Michal"]
[Result "0-1"]
[WhiteElo "1551"]
[BlackElo "2118"]
[PlyCount "48"]
[EventDate "2013.??.??"]

1. e4 g5 2. d4 e6 3. Bc4 Bg7 4. Nf3 g4 5. Ne5 h5 6. O-O d6 7. Nd3 Bxd4 8. c3
Bb6 9. Be3 Bxe3 10. fxe3 Qg5 11. Qe2 Ne7 12. Nd2 Nbc6 13. Rf2 Bd7 14. Raf1 Rh7
15. Nb3 Ng6 16. Nd4 Nce5 17. Nb5 Bxb5 18. Bxb5+ c6 19. Ba4 g3 20. hxg3 Qxg3 21.
Nxe5 Nxe5 22. Rf6 Ng4 23. R1f3 Qh2+ 24. Kf1 Qh1# 0-1

[Event "V Miedzynarodowy Tur. Szachowy im. Jana "]
[Site "Lublin"]
[Date "2013.??.??"]
[Round "1.6"]
[White "Szczepaniak, Lukasz"]
[Black "Paluch, Andrzej"]
[Result "1-0"]
[WhiteElo "2009"]
[BlackElo "1548"]
[PlyCount "57"]
[EventDate "2013.??.??"]

1. e4 c6 2. d4 d5 3. f3 e6 4. Nc3 Bb4 5. Nge2 Nf6 6. Qd3 dxe4 7. fxe4 Nbd7 8.
a3 Be7 9. Bf4 c5 10. Nb5 e5 11. dxe5 Nh5 12. e6 fxe6 13. Nc7+ Kf7 14. Nxa8 Nxf4
15. Nxf4 Ne5 16. Qxd8 Bxd8 17. Be2 c4 18. O-O Ke7 19. b4 b6 20. Bf3 Bb7 21.
Nxb6 Bxb6+ 22. Kh1 Rd8 23. Rad1 Rxd1 24. Bxd1 Kd6 25. Nh5 g5 26. Ng3 Ng6 27.
Rf7 Bc6 28. Be2 Ne5 29. Rxh7 1-0

[Event "V Miedzynarodowy Tur. Szachowy im. Jana "]
[Site "Lublin"]
[Date "2013.??.??"]
[Round "1.7"]
[White "Fraczek, Weronika"]
[Black "Bien, Janusz"]
[Result "0-1"]
[WhiteElo "1516"]
[BlackElo "1972"]
[PlyCount "42"]
[EventDate "2013.??.??"]

1. e4 e6 2. d4 d5 3. exd5 exd5 4. Bd3 Nf6 5. Nf3 Bg4 6. Bg5 Be7 7. h3 Bh5 8.
O-O O-O 9. Nbd2 Nbd7 10. c3 c5 11. b3 cxd4 12. cxd4 Ne4 13. Bxe7 Qxe7 14. Re1
f5 15. Nf1 Qd6 16. Ne3 Rac8 17. g4 fxg4 18. hxg4 Bg6 19. Bxe4 Bxe4 20. Nd2 Rxf2
21. Kxf2 Qh2+ 0-1

[Event "V Miedzynarodowy Tur. Szachowy im. Jana "]
[Site "Lublin"]
[Date "2013.??.??"]
[Round "1.8"]
[White "Krzyzanowski, Wojciech"]
[Black "Pszczola, Szymon"]
[Result "1-0"]
[WhiteElo "1955"]
[BlackElo "1234"]
[PlyCount "51"]
[EventDate "2013.??.??"]

1. d4 Nf6 2. c4 e6 3. Nf3 c5 4. d5 exd5 5. cxd5 d6 6. Nc3 g6 7. g3 Bg7 8. Bg2
O-O 9. O-O Re8 10. Nd2 Nbd7 11. a4 a6 12. Nc4 Ne5 13. Na3 Bf5 14. h3 Qe7 15. e4
Bc8 16. Re1 Ned7 17. Nc4 Ne5 18. Nb6 Rb8 19. f4 Ned7 20. Nc4 b6 21. g4 h6 22.
e5 Nh7 23. Nxd6 Rd8 24. Nxc8 Rdxc8 25. d6 Qe6 26. Nd5 1-0

[Event "V Miedzynarodowy Tur. Szachowy im. Jana "]
[Site "Lublin"]
[Date "2013.??.??"]
[Round "2.1"]
[White "Stoma, Pawel"]
[Black "Szczepaniak, Lukasz"]
[Result "1-0"]
[WhiteElo "2311"]
[BlackElo "2009"]
[PlyCount "79"]
[EventDate "2013.??.??"]

1. e4 e5 2. Nf3 Nc6 3. Bb5 Nf6 4. d3 Bc5 5. c3 d6 6. Nbd2 a6 7. Ba4 O-O 8. Nf1
Ne7 9. Ng3 Ng6 10. O-O c6 11. Be3 Bb6 12. h3 d5 13. Qc2 Nd7 14. d4 exd4 15.
cxd4 dxe4 16. Nxe4 h6 17. Bb3 Nf6 18. Nxf6+ Qxf6 19. Ne5 Bf5 20. Qc3 Bc7 21. f4
Rad8 22. Rad1 Be4 23. Qb4 b5 24. Qc5 a5 25. a4 Qd6 26. axb5 Qxc5 27. dxc5 Nxe5
28. Rxd8 Bxd8 29. fxe5 cxb5 30. e6 Bf6 31. exf7+ Kh7 32. c6 Be7 33. c7 Bd3 34.
Rd1 Bf5 35. Rd5 Kg6 36. Rxb5 a4 37. Rb6+ Bf6 38. Rb8 Be7 39. Rxf8 Bxf8 40. Bc2
1-0

[Event "V Miedzynarodowy Tur. Szachowy im. Jana "]
[Site "Lublin"]
[Date "2013.??.??"]
[Round "2.2"]
[White "Bien, Janusz"]
[Black "Barski, Radoslaw"]
[Result "1-0"]
[WhiteElo "1972"]
[BlackElo "2247"]
[PlyCount "63"]
[EventDate "2013.??.??"]

1. e4 c5 2. d4 cxd4 3. c3 dxc3 4. Nxc3 d6 5. Bc4 Nf6 6. h3 e6 7. Nf3 Nc6 8. O-O
Be7 9. Qe2 O-O 10. Rd1 e5 11. Be3 Be6 12. Bd5 Bxd5 13. exd5 Nb8 14. Nxe5 dxe5
15. d6 Bxd6 16. Nb5 Ne8 17. Nxd6 Nxd6 18. Bc5 Re8 19. Rxd6 Qc7 20. Ba3 Nc6 21.
Rc1 Rad8 22. Rxd8 Rxd8 23. Qc4 Qb6 24. Qe4 Rd2 25. Qf5 Qd8 26. Kh2 g6 27. Qf3
f5 28. Qb3+ Qd5 29. Qxb7 Nd8 30. Qe7 Qf7 31. Qxe5 Rxf2 32. Rc7 1-0

[Event "V Miedzynarodowy Tur. Szachowy im. Jana "]
[Site "Lublin"]
[Date "2013.??.??"]
[Round "2.3"]
[White "Polkowski, Piotr"]
[Black "Krzyzanowski, Wojciech"]
[Result "1-0"]
[WhiteElo "2182"]
[BlackElo "1955"]
[PlyCount "59"]
[EventDate "2013.??.??"]

1. e4 c5 2. Nc3 Nc6 3. Bc4 g6 4. d3 Bg7 5. f4 e6 6. Nf3 Nge7 7. O-O O-O 8. Qe1
d5 9. Bb3 Nd4 10. Nxd4 cxd4 11. Ne2 dxe4 12. dxe4 a5 13. Bc4 Qc7 14. Bd3 f5 15.
Ng3 b6 16. Qe2 Kh8 17. Bd2 Bb7 18. Rae1 Ng8 19. Qf2 Rad8 20. Re2 Bh6 21. h3
fxe4 22. Nxe4 e5 23. Qh4 exf4 24. Ng5 Bxg5 25. Qxg5 Rd5 26. Bxf4 Rxg5 27. Bxc7
Rxf1+ 28. Kxf1 Nf6 29. Bxb6 Nh5 30. Re8+ 1-0

[Event "V Miedzynarodowy Tur. Szachowy im. Jana "]
[Site "Lublin"]
[Date "2013.??.??"]
[Round "2.4"]
[White "Chwalewski, Marek"]
[Black "Berlin, Tatiana"]
[Result "0-1"]
[WhiteElo "1950"]
[BlackElo "2152"]
[PlyCount "32"]
[EventDate "2013.??.??"]

1. c4 e5 2. g3 Nc6 3. Bg2 f5 4. e4 Nf6 5. d3 Bc5 6. Ne2 O-O 7. exf5 Ng4 8. O-O
Rxf5 9. d4 exd4 10. Bd5+ Kh8 11. Nf4 Nf6 12. Qd3 d6 13. Ne6 Bxe6 14. Bxc6 bxc6
15. Nd2 Ng4 16. Ne4 Ne5 0-1

[Event "V Miedzynarodowy Tur. Szachowy im. Jana "]
[Site "Lublin"]
[Date "2013.??.??"]
[Round "2.5"]
[White "Praszak, Michal"]
[Black "Kaluszynski, Andrzej"]
[Result "1-0"]
[WhiteElo "2118"]
[BlackElo "1876"]
[PlyCount "113"]
[EventDate "2013.??.??"]

1. d4 Nf6 2. c4 e6 3. Nf3 Bb4+ 4. Nbd2 O-O 5. g3 d5 6. Bg2 c6 7. O-O Nbd7 8.
Qc2 Re8 9. e4 dxe4 10. Nxe4 Nxe4 11. Qxe4 h6 12. Rd1 Qe7 13. Bf4 Nf6 14. Qe2
Bd6 15. Bxd6 Qxd6 16. c5 Qc7 17. Ne5 Bd7 18. Nc4 Re7 19. Nd6 Rd8 20. b4 Ne8 21.
Nf5 exf5 22. Qxe7 Be6 23. Qh4 Nf6 24. a4 Nd5 25. Bxd5 Bxd5 26. Re1 Be6 27. Rad1
Rd5 28. Rd2 a5 29. b5 cxb5 30. axb5 Qd7 31. Rb1 Rxc5 32. dxc5 Qxd2 33. c6 Qd3
34. Rc1 bxc6 35. bxc6 Qa6 36. c7 Bc8 37. Qa4 Kh7 38. Qc4 Qf6 39. Qc6 Qb2 40.
Qc3 Qb5 41. Qc4 Qd7 42. Qc6 Qd2 43. Qc2 Qd5 44. Rd1 Qf3 45. Rd3 Qe4 46. f3 Qe1+
47. Kg2 Ba6 48. Rd1 Qe6 49. Rd8 Bc8 50. g4 g6 51. gxf5 gxf5 52. Qd2 Kg6 53. Rh8
f4 54. Rxc8 Qxc8 55. Qxf4 f5 56. Qd6+ Kh5 57. Qd8 1-0

[Event "V Miedzynarodowy Tur. Szachowy im. Jana "]
[Site "Lublin"]
[Date "2013.??.??"]
[Round "2.7"]
[White "Paluch, Andrzej"]
[Black "Pikulinski, Janusz"]
[Result "0-1"]
[WhiteElo "1548"]
[BlackElo "1894"]
[PlyCount "56"]
[EventDate "2013.??.??"]

1. d4 Nf6 2. c4 g6 3. g3 c6 4. Bg2 d5 5. cxd5 cxd5 6. Nf3 Nc6 7. O-O Bg7 8. Nc3
O-O 9. Re1 Ne4 10. Bf4 Bf5 11. a3 Nxc3 12. bxc3 Be4 13. Qb3 Na5 14. Qb5 Rc8 15.
Rec1 e6 16. Nd2 Bxg2 17. Kxg2 b6 18. e4 dxe4 19. Nxe4 a6 20. Qb4 Qd5 21. f3 Nc4
22. a4 Qc6 23. Kf2 f5 24. Nd2 Nxd2 25. Bxd2 e5 26. Be3 Rfe8 27. dxe5 Bxe5 28.
Bxb6 Bxc3 0-1

[Event "V Miedzynarodowy Tur. Szachowy im. Jana "]
[Site "Lublin"]
[Date "2013.??.??"]
[Round "2.8"]
[White "Topolan, Pawel"]
[Black "Krasowski, Piotr"]
[Result "0-1"]
[WhiteElo "1415"]
[BlackElo "1830"]
[PlyCount "48"]
[EventDate "2013.??.??"]

1. e4 e5 2. Nf3 d6 3. Bc4 Be7 4. O-O Nf6 5. d3 Bg4 6. Nbd2 O-O 7. Re1 Nc6 8. c3
Na5 9. Bb5 d5 10. exd5 Qxd5 11. Qa4 a6 12. Bxa6 Nc6 13. Qc4 Rxa6 14. Qxd5 Nxd5
15. Nxe5 Nxe5 16. Rxe5 Re6 17. Nc4 Bf6 18. Rxe6 Bxe6 19. f3 Rd8 20. d4 Nxc3 21.
bxc3 Bxc4 22. Rb1 b5 23. a3 Ra8 24. Bb2 Re8 0-1

[Event "V Miedzynarodowy Tur. Szachowy im. Jana "]
[Site "Lublin"]
[Date "2013.??.??"]
[Round "2.9"]
[White "Flisiak, Piotr"]
[Black "Modrzejewski, Tymoteusz"]
[Result "1-0"]
[WhiteElo "1704"]
[BlackElo "1551"]
[PlyCount "75"]
[EventDate "2013.??.??"]

1. c4 c6 2. Nc3 d5 3. e3 e5 4. cxd5 cxd5 5. d4 e4 6. Qb3 Nf6 7. Bb5+ Nc6 8.
Nge2 a6 9. Bxc6+ bxc6 10. Bd2 Bd6 11. Rc1 Bd7 12. Na4 Rb8 13. Qc2 O-O 14. b3
Qc7 15. Nc5 Bxc5 16. Qxc5 Rb5 17. Qa3 Ra8 18. Nc3 Rb7 19. Na4 Rb5 20. Nc5 Bc8
21. Rc2 Nd7 22. Qc1 Nxc5 23. Rxc5 Bd7 24. O-O f5 25. Qc3 Rxc5 26. Qxc5 Rf8 27.
Rc1 g5 28. Qxd5+ cxd5 29. Rxc7 Rd8 30. Rc5 Bb5 31. a4 Bd3 32. b4 Kg7 33. b5
axb5 34. axb5 Kg6 35. Ba5 Ra8 36. b6 Ba6 37. Rxd5 Rc8 38. h3 1-0

[Event "V Miedzynarodowy Tur. Szachowy im. Jana "]
[Site "Lublin"]
[Date "2013.??.??"]
[Round "2.10"]
[White "Chlewinski, Artur"]
[Black "Fraczek, Weronika"]
[Result "1/2-1/2"]
[WhiteElo "1696"]
[BlackElo "1516"]
[PlyCount "61"]
[EventDate "2013.??.??"]

1. d4 d5 2. Nf3 Nf6 3. Bg5 e6 4. e3 Nbd7 5. Ne5 h6 6. Bh4 Bd6 7. f4 c5 8. c3
Qb6 9. b3 cxd4 10. exd4 O-O 11. Bd3 Qa5 12. a4 a6 13. O-O Qc7 14. Ng4 Nxg4 15.
Qxg4 f5 16. Qe2 Nf6 17. Bxf6 Rxf6 18. g3 Bd7 19. c4 b6 20. Nd2 Bc6 21. Rac1 Qd7
22. c5 Bc7 23. Bxa6 bxc5 24. dxc5 d4 25. Nf3 Rg6 26. Bb5 Bxb5 27. axb5 Bxf4 28.
Ne5 Bxe5 29. Qxe5 Qxb5 30. Qxd4 Qxb3 31. c6 1/2-1/2

[Event "V Miedzynarodowy Tur. Szachowy im. Jana "]
[Site "Lublin"]
[Date "2013.??.??"]
[Round "2.11"]
[White "Pszczola, Szymon"]
[Black "Fiala, Lukasz"]
[Result "0-1"]
[WhiteElo "1234"]
[BlackElo "1603"]
[PlyCount "76"]
[EventDate "2013.??.??"]

1. e4 e5 2. Nf3 Nc6 3. Bb5 Nf6 4. d3 Nd4 5. Nxd4 exd4 6. c3 c6 7. Ba4 Qa5 8.
Bc2 d5 9. exd5 Nxd5 10. Bd2 Qb6 11. Qc1 Bd6 12. O-O Qc7 13. Re1+ Be6 14. h3
O-O-O 15. c4 Nf4 16. c5 Nxh3+ 17. gxh3 Bxc5 18. Kg2 g5 19. Bxg5 Rhg8 20. Bb3
Be7 21. Bxe6+ fxe6 22. f4 h6 23. Rxe6 hxg5 24. f5 Rdf8 25. Qe1 Bd6 26. Qe4 Bh2
27. Qg4 Bf4 28. f6 Qd7 29. Re4 Qxg4+ 30. hxg4 Rxf6 31. Rxd4 Be5 32. Rb4 Rh8 33.
Nc3 Rh2+ 34. Kg1 Rff2 35. Rb1 c5 36. Rb5 Bd4 37. Ne4 Rc2+ 38. Kf1 Rh1# 0-1

[Event "V Miedzynarodowy Tur. Szachowy im. Jana "]
[Site "Lublin"]
[Date "2013.??.??"]
[Round "3.1"]
[White "Berlin, Tatiana"]
[Black "Stoma, Pawel"]
[Result "0-1"]
[WhiteElo "2152"]
[BlackElo "2311"]
[PlyCount "82"]
[EventDate "2013.??.??"]

1. e4 c6 2. d3 d5 3. Nd2 e5 4. Ngf3 Bd6 5. g3 Nf6 6. Bg2 O-O 7. O-O a5 8. Re1
Re8 9. Nf1 h6 10. c3 a4 11. h3 Nbd7 12. g4 dxe4 13. dxe4 Nc5 14. Ng3 Bc7 15.
Qe2 Qd3 16. Qxd3 Nxd3 17. Rd1 Nxc1 18. Raxc1 Be6 19. c4 Nd7 20. g5 Nc5 21. gxh6
gxh6 22. Nh4 Red8 23. Bf1 a3 24. b3 Rxd1 25. Rxd1 Rd8 26. Be2 Nxb3 27. Rb1 Nc5
28. Nf3 Bxh3 29. Rc1 Ba5 30. Nxe5 Rd2 31. Bh5 f6 32. Nf7 Rxa2 33. Nxh6+ Kh7 34.
Nhf5 Nd3 35. Rd1 Rd2 36. Ra1 a2 37. Ne2 Bxf5 38. exf5 Nc5 39. Nc1 Kh6 40. Bf3
Rc2 41. Bd1 Rxc1 0-1

[Event "V Miedzynarodowy Tur. Szachowy im. Jana "]
[Site "Lublin"]
[Date "2013.??.??"]
[Round "3.2"]
[White "Praszak, Michal"]
[Black "Polkowski, Piotr"]
[Result "0-1"]
[WhiteElo "2118"]
[BlackElo "2182"]
[PlyCount "52"]
[EventDate "2013.??.??"]

1. d4 Nc6 2. Nf3 d6 3. e4 Nf6 4. Nc3 g6 5. Bg5 Bg7 6. Qd2 h6 7. Bf4 g5 8. Be3
Ng4 9. Bb5 Bd7 10. d5 Nxe3 11. Qxe3 Ne5 12. Bxd7+ Qxd7 13. Nxe5 Bxe5 14. g3 c5
15. O-O O-O-O 16. Nd1 h5 17. Qf3 e6 18. c3 exd5 19. exd5 f5 20. Ne3 f4 21. Nc4
g4 22. Qe4 Rde8 23. Rfe1 fxg3 24. hxg3 Bxg3 25. Qg2 Be5 26. Re3 Rhg8 0-1

[Event "V Miedzynarodowy Tur. Szachowy im. Jana "]
[Site "Lublin"]
[Date "2013.??.??"]
[Round "3.3"]
[White "Szczepaniak, Lukasz"]
[Black "Bien, Janusz"]
[Result "1/2-1/2"]
[WhiteElo "2009"]
[BlackElo "1972"]
[PlyCount "67"]
[EventDate "2013.??.??"]

1. e4 e6 2. d4 d5 3. Nd2 dxe4 4. Nxe4 Nd7 5. Nf3 Ngf6 6. Bd3 Nxe4 7. Bxe4 Nf6
8. Bd3 Be7 9. O-O O-O 10. c3 b6 11. Ne5 Bb7 12. Re1 c5 13. Be3 cxd4 14. Bxd4
Qd5 15. Qf3 Qxf3 16. Nxf3 Bxf3 17. gxf3 Rad8 18. a4 Bc5 19. Bxc5 bxc5 20. Bc4
Rb8 21. Re2 a5 22. Rd1 Rfd8 23. Red2 Rxd2 24. Rxd2 Kf8 25. Rd6 Rxb2 26. Ra6 Nd5
27. Bxd5 exd5 28. Rxa5 Rb1+ 29. Kg2 c4 30. Rxd5 Rb3 31. a5 Rxc3 32. a6 Ra3 33.
Rc5 Rxa6 34. Rxc4 1/2-1/2

[Event "V Miedzynarodowy Tur. Szachowy im. Jana "]
[Site "Lublin"]
[Date "2013.??.??"]
[Round "3.4"]
[White "Barski, Radoslaw"]
[Black "Starczewski, Dominik"]
[Result "1-0"]
[WhiteElo "2247"]
[BlackElo "1585"]
[PlyCount "63"]
[EventDate "2013.??.??"]

1. e4 d5 2. exd5 Qxd5 3. Nc3 Qa5 4. d4 Nf6 5. Bc4 Bg4 6. Nf3 Nc6 7. h3 Bf5 8.
Bd2 O-O-O 9. Qe2 Nxd4 10. Nxd4 Rxd4 11. O-O-O Qc5 12. Bxf7 e5 13. Be3 Rxd1+ 14.
Rxd1 Qc6 15. Bxa7 Bd6 16. g4 Rf8 17. Bc4 Bg6 18. Be6+ Kd8 19. Be3 Ke7 20. Bb3
h5 21. f4 hxg4 22. hxg4 e4 23. Ba4 Qa6 24. Bb5 Qa5 25. f5 Bf7 26. g5 Nd7 27. g6
Bxa2 28. Bg5+ Nf6 29. Qxe4+ Kd8 30. Qxb7 Bg8 31. Rxd6+ Ke7 32. Rd7+ 1-0

[Event "V Miedzynarodowy Tur. Szachowy im. Jana "]
[Site "Lublin"]
[Date "2013.??.??"]
[Round "3.5"]
[White "Krzyzanowski, Wojciech"]
[Black "Flisiak, Piotr"]
[Result "1-0"]
[WhiteElo "1955"]
[BlackElo "1704"]
[PlyCount "51"]
[EventDate "2013.??.??"]

1. e4 e6 2. d4 d5 3. Nd2 Nf6 4. e5 Ne4 5. Nxe4 dxe4 6. Bc4 a6 7. Be3 b5 8. Bb3
c5 9. dxc5 Nd7 10. c6 Nxe5 11. Qxd8+ Kxd8 12. Bb6+ Ke8 13. c7 Nd7 14. Ba5 Bc5
15. O-O-O Ke7 16. Nh3 Bb6 17. Rxd7+ Kxd7 18. Bxb6 Kc6 19. Ba5 b4 20. Ba4+ Kc5
21. Rd1 Bb7 22. a3 bxa3 23. b4+ Kc4 24. Bb3+ Kb5 25. c4+ Kc6 26. Ba4# 1-0

[Event "V Miedzynarodowy Tur. Szachowy im. Jana "]
[Site "Lublin"]
[Date "2013.??.??"]
[Round "3.9"]
[White "Fiala, Lukasz"]
[Black "Chlewinski, Artur"]
[Result "1-0"]
[WhiteElo "1603"]
[BlackElo "1696"]
[PlyCount "20"]
[EventDate "2013.??.??"]

1. e4 Nf6 2. Nc3 d6 3. d4 Nbd7 4. Nf3 e5 5. dxe5 dxe5 6. Bc4 Bb4 7. O-O Bxc3 8.
bxc3 O-O 9. Ba3 Re8 10. Ng5 h6 1-0

[Event "V Miedzynarodowy Tur. Szachowy im. Jana "]
[Site "Lublin"]
[Date "2013.??.??"]
[Round "3.10"]
[White "Fraczek, Weronika"]
[Black "Paluch, Andrzej"]
[Result "1-0"]
[WhiteElo "1516"]
[BlackElo "1548"]
[PlyCount "33"]
[EventDate "2013.??.??"]

1. e4 c6 2. d4 d5 3. exd5 cxd5 4. Bd3 Nf6 5. c3 Qc7 6. Ne2 e6 7. Bf4 Qd7 8. Nd2
Be7 9. Nf3 Nc6 10. Qc2 O-O 11. Ne5 Qd8 12. O-O a5 13. Bg5 h6 14. Bh4 Nd7 15.
Bxe7 Qxe7 16. f4 f6 17. Bh7+ 1-0

[Event "V Miedzynarodowy Tur. Szachowy im. Jana "]
[Site "Lublin"]
[Date "2013.??.??"]
[Round "3.11"]
[White "Modrzejewski, Tymoteusz"]
[Black "Pszczola, Szymon"]
[Result "1/2-1/2"]
[WhiteElo "1551"]
[BlackElo "1234"]
[PlyCount "78"]
[EventDate "2013.??.??"]

1. e4 c5 2. f4 d6 3. Nf3 Nc6 4. Bc4 e6 5. O-O Nf6 6. Nc3 Be7 7. d3 O-O 8. h3 a6
9. a4 b6 10. Be3 Bb7 11. d4 cxd4 12. Nxd4 Qc7 13. Nxc6 Bxc6 14. Qd3 a5 15. f5
e5 16. Bg5 h6 17. Bxf6 Bxf6 18. Nd5 Bxd5 19. Bxd5 Rac8 20. c3 Bg5 21. Qg3 Kh8
22. Rf3 f6 23. Rd1 Rcd8 24. h4 Qc5+ 25. Kh1 Bf4 26. Qh3 h5 27. g3 Bh6 28. g4
hxg4 29. Qxg4 b5 30. Qh5 bxa4 31. Rg1 Rd7 32. Rg6 Qc8 33. Be6 Rff7 34. Bxd7
Qxd7 35. Rxh6+ gxh6 36. Qxh6+ Kg8 37. Qg6+ Kh8 38. Rg3 Rg7 39. Qxf6 Kh7 1/2-1/2

[Event "V Miedzynarodowy Tur. Szachowy im. Jana "]
[Site "Lublin"]
[Date "2013.??.??"]
[Round "3.6"]
[White "Krasowski, Piotr"]
[Black "Chwalewski, Marek"]
[Result "1/2-1/2"]
[WhiteElo "1830"]
[BlackElo "1950"]
[PlyCount "114"]
[EventDate "2013.??.??"]

1. d4 Nf6 2. Bf4 e6 3. e3 b6 4. Bd3 Bb7 5. Nf3 Be7 6. h3 c5 7. c3 Nc6 8. Nbd2
d5 9. Bh2 Bd6 10. Ne5 Bxe5 11. dxe5 Nd7 12. f4 g6 13. O-O h5 14. e4 Ne7 15. f5
gxf5 16. exf5 Qc7 17. fxe6 fxe6 18. Be2 O-O-O 19. Rf7 Nf5 20. Bb5 Bc6 21. Qa4
Bxb5 22. Qxb5 Rdf8 23. Qa6+ Kb8 24. Rxf8+ Rxf8 25. Rf1 Qc6 26. Qe2 h4 27. Rf3
c4 28. Rf4 Nc5 29. Nf3 Nd3 30. Nd4 Qc5 31. Rg4 Nxd4 32. cxd4 Qb4 33. Rxh4 Qxb2
34. Qxb2 Nxb2 35. Rf4 Rc8 36. Rf2 c3 37. Rc2 Nd3 38. a3 Ne1 39. Rc1 c2 40. Rxe1
c1=Q 41. Rxc1 Rxc1+ 42. Kf2 Ra1 43. h4 Ra2+ 44. Kf1 Rxa3 45. h5 Rc3 46. h6 Rc4
47. g4 a5 48. g5 a4 49. g6 a3 50. h7 Rc8 51. g7 a2 52. g8=Q a1=Q+ 53. Kg2 Qb2+
54. Kh3 Qc3+ 55. Bg3 Qc1 56. h8=Q Qh1+ 57. Bh2 Qf3+ 1/2-1/2

[Event "V Miedzynarodowy Tur. Szachowy im. Jana "]
[Site "Lublin"]
[Date "2013.??.??"]
[Round "4.1"]
[White "Stoma, Pawel"]
[Black "Polkowski, Piotr"]
[Result "1-0"]
[WhiteElo "2311"]
[BlackElo "2182"]
[PlyCount "75"]
[EventDate "2013.??.??"]

1. c4 e5 2. g3 Nc6 3. Bg2 Bc5 4. a3 a5 5. e3 Nf6 6. Nc3 d6 7. Nge2 O-O 8. d4
Ba7 9. h3 Re8 10. O-O Bf5 11. d5 Ne7 12. b4 h6 13. Bb2 Ng6 14. Kh2 Nf8 15. Nc1
Bb8 16. c5 axb4 17. axb4 Rxa1 18. Bxa1 N8d7 19. Nb3 Qe7 20. Na4 Ba7 21. c6 bxc6
22. Na5 Nb8 23. dxc6 d5 24. f4 e4 25. Qb3 Na6 26. Rb1 Qd6 27. Bf1 Bc8 28. b5
Nc5 29. Nxc5 Bxc5 30. Rd1 Be6 31. Nb7 Qe7 32. Nxc5 Qxc5 33. Bd4 Qe7 34. Ra1 Rb8
35. Ra7 Qd8 36. b6 Qd6 37. Qa4 Ne8 38. b7 1-0

[Event "V Miedzynarodowy Tur. Szachowy im. Jana "]
[Site "Lublin"]
[Date "2013.??.??"]
[Round "4.2"]
[White "Bien, Janusz"]
[Black "Berlin, Tatiana"]
[Result "1/2-1/2"]
[WhiteElo "1972"]
[BlackElo "2152"]
[PlyCount "102"]
[EventDate "2013.??.??"]

1. e4 e5 2. Bc4 Nf6 3. d3 Bc5 4. Nf3 d6 5. c3 O-O 6. h3 Be6 7. Nbd2 d5 8. exd5
Bxd5 9. O-O Nc6 10. b4 Bd6 11. Re1 a6 12. Qb3 Bxc4 13. Nxc4 Nd7 14. Bg5 Qb8 15.
Rad1 b5 16. Nxd6 cxd6 17. d4 Nb6 18. dxe5 dxe5 19. Be3 Nc4 20. Nd2 Nxe3 21.
Rxe3 Rd8 22. Nf3 Qc7 23. Rde1 Re8 24. Nd4 Nxd4 25. cxd4 e4 26. Rxe4 Rxe4 27.
Rxe4 Qc1+ 28. Kh2 g6 29. Qf3 Qc7+ 30. g3 Qd6 31. d5 Rc8 32. Qd3 h5 33. h4 Rd8
34. Rd4 Qf6 35. Qd2 Rd6 36. a3 Qe5 37. Kg2 Kg7 38. Rd3 Qe4+ 39. f3 Qc4 40. Kf2
Qc8 41. Qb2+ Kh7 42. Qe5 Qc2+ 43. Qe2 Qc4 44. Qd2 Rd7 45. Rd4 Qb3 46. Rd3 Qc4
47. Ke3 Re7+ 48. Kf2 Rd7 49. d6 Qe6 50. Qf4 Qa2+ 51. Ke3 Qe6+ 1/2-1/2

[Event "V Miedzynarodowy Tur. Szachowy im. Jana "]
[Site "Lublin"]
[Date "2013.??.??"]
[Round "4.3"]
[White "Pikulinski, Janusz"]
[Black "Barski, Radoslaw"]
[Result "0-1"]
[WhiteElo "1894"]
[BlackElo "2247"]
[PlyCount "40"]
[EventDate "2013.??.??"]

1. Nf3 c5 2. c4 g6 3. Nc3 Bg7 4. g3 e5 5. e4 Ne7 6. Bg2 O-O 7. O-O d6 8. d3 h6
9. Be3 f5 10. a3 f4 11. Bd2 g5 12. h3 g4 13. hxg4 Bxg4 14. Qc1 Ng6 15. Nd5 Nc6
16. Bc3 h5 17. gxf4 Bh6 18. Bd2 Bxf3 19. Bxf3 Nxf4 20. Nxf4 Bxf4 0-1

[Event "V Miedzynarodowy Tur. Szachowy im. Jana "]
[Site "Lublin"]
[Date "2013.??.??"]
[Round "4.4"]
[White "Fiala, Lukasz"]
[Black "Praszak, Michal"]
[Result "0-1"]
[WhiteElo "1603"]
[BlackElo "2118"]
[PlyCount "88"]
[EventDate "2013.??.??"]

1. e4 c5 2. Nc3 Nc6 3. g3 g6 4. Bg2 Bg7 5. d3 e6 6. Be3 b6 7. Nh3 Nge7 8. O-O
O-O 9. f4 Bb7 10. Nf2 d5 11. exd5 exd5 12. Bd2 Nd4 13. Rb1 Qd7 14. Ne2 Nef5 15.
Nxd4 cxd4 16. Bh3 Bc8 17. Bxf5 Qxf5 18. Re1 Qd7 19. Qe2 Qa4 20. Qe7 Be6 21. Qb4
Qc6 22. a4 Rac8 23. Rbc1 Rfe8 24. Kg2 a5 25. Qb3 Bd7 26. Kf1 h5 27. Kg2 Rxe1
28. Bxe1 Kh7 29. Bd2 Re8 30. Re1 Rxe1 31. Bxe1 Qxa4 32. Qxb6 Qxc2 33. Qxa5 Qxb2
34. Qxd5 Be6 35. Qf3 Bg4 36. Qe4 Bf5 37. Qf3 Bc8 38. Kf1 Bb7 39. Qd1 Qa2 40.
Kg1 Qd5 41. Ne4 f5 42. Ng5+ Kg8 43. Qf3 Qxf3 44. Nxf3 Bxf3 0-1